La integración de Centroamérica: desde la Federación hasta nuestros días /
El análisis económico e interpretacional de Hernández comienza a partir de la ruptura del régimen colonial y del inicio del movimiento independentista de Centroamérica, destacando los períodos claves e ilustrando con información empírica hechos y circunstancias de carácter provisional, regional y al...
Shranjeno v:
| Glavni avtor: | |
|---|---|
| Format: | Neznan |
| Jezik: | Spanish |
| Izdano: |
San José, Costa Rica :
DEI,
1994
|
| Serija: | Colección Universitaria
|
| Teme: | |
| Oznake: |
Označite
Brez oznak, prvi označite!
|
MARC
| LEADER | 00000 a2200000 04500 | ||
|---|---|---|---|
| 001 | 40363 | ||
| 003 | cru CIDCACS/IIS | ||
| 005 | 20230613141407.0 | ||
| 008 | 050616s1994 cr spa d | ||
| 020 | |a 9977-83-085-1 | ||
| 040 | |c cru IIS |d cru IIS | ||
| 090 | |a 01.02.01 H557i | ||
| 100 | |a Hernández Chávez, Alcides | ||
| 245 | |a La integración de Centroamérica: |b desde la Federación hasta nuestros días / |c Alcides Hernández Chávez | ||
| 260 | |a San José, Costa Rica : |b DEI, |c 1994 | ||
| 300 | |a 254 páginas : tablas | ||
| 440 | |a Colección Universitaria | ||
| 520 | |a El análisis económico e interpretacional de Hernández comienza a partir de la ruptura del régimen colonial y del inicio del movimiento independentista de Centroamérica, destacando los períodos claves e ilustrando con información empírica hechos y circunstancias de carácter provisional, regional y algunos aspectos del desarrollo capitalista en la dimensión mundial, articulados al proceso político y social de la región. El autor capta los momentos de la historia regional en los cuales se presentan signos de mayor integración, y las causas múltiples que permiten explicar el separatismo y la profundidad del subdesarrollo. Culmina el trabajo histórico e interpretativo con el análisis de la época actual, cuando se reactivaron loas iniciativas de integración regional. | ||
| 590 | |a RRA/ENERO2012 | ||
| 650 | |a INTEGRACION REGIONAL | ||
| 650 | |a HISTORIA POLITICA | ||
| 650 | |a ASPECTOS POLITICOS | ||
| 650 | |a ASPECTOS SOCIALES | ||
| 650 | |a ASPECTOS ECONOMICOS | ||
| 650 | |a AMERICA CENTRAL | ||
| 942 | |2 ddc |c LI | ||
| 999 | |c 4862 |d 4862 | ||



